| 000 | 00674cam a2200229u 4500 | ||
|---|---|---|---|
| 001 | 6024302 | ||
| 003 | BD-DhUL | ||
| 005 | 20170209162312.0 | ||
| 008 | 810220s1952 au 000 0 eng | ||
| 010 | _a 50035418 | ||
| 040 |
_aDLC _cCarP _dDLC _dBD-DhUL |
||
| 050 | 0 | 0 |
_aPS509.H5 _bS4 |
| 082 |
_a810.8 _bSIA |
||
| 100 | 1 | _aSieberer, Anton. | |
| 245 | 1 | 0 |
_aAmerican life and literature : _ban anthology / _cAnton Sieberer. |
| 260 |
_aWien : _bNeue Welt , _c1952. |
||
| 300 |
_axiv, 445 p.; _c24 cm. |
||
| 650 | 0 | _aAmerican literature. | |
| 651 | 0 |
_aUnited States _xIn literature. |
|
| 700 | 1 |
_aKrejeik, Norbert, [from old catalog] _ejoint author. |
|
| 942 |
_2ddc _cBK |
||
| 999 |
_c156832 _d156832 |
||